000 00619nam a2200217Ia 4500
005 20250508162932.0
008 008 250505s9999 xx 000 0 eng d
037 _aBooks to be hide in OPAC
040 _aFEDL
_beng
_cFEDL
041 _aeng
_2eng
084 _a001.4, GUB
_qFEDL
100 _aGuba Egon G
245 0 _aForth generation evaluation
260 _aNewbury Park, London
_bSage Publications
_c1989
300 _a294p
365 _aUSD
_b49.95
650 _aEvaluation-Methodology
_9774445
700 _a Lincoln Yvonna S
_9774446
942 _cHB
_h001.4, GUB
999 _c1379518
_d1379518